Defensa y documentos referentes al recurso de alzada sobre la demasía de la mina Mamé contra la mina Precavida. (Record no. 153405)

MARC details
000 -LEADER
campo de control de longitud fija 00722nam a22001575i 4500
001 - NÚMERO DE CONTROL
campo de control 153405
003 - IDENTIFICADOR DE NÚMERO DE CONTROL
campo de control ES-MaACL
005 - FECHA Y HORA DE LA ÚLTIMA TRANSACCIÓN
campo de control 20230906205217.0
008 - DATOS DE LONGITUD FIJA--INFORMACIÓN GENERAL
campo de control de longitud fija 990324s1888 sp |||| | spa d
040 ## - FUENTE DE CATALOGACIÓN
Centro catalogador/agencia de origen CCPB | B
Lengua de catalogación spa
Centro/agencia transcriptor CCPB | B
245 00 - MENCIÓN DEL TÍTULO
Título Defensa y documentos referentes al recurso de alzada sobre la demasía de la mina Mamé contra la mina Precavida.
260 ## - PUBLICACIÓN, DISTRIBUCIÓN, ETC.
Lugar de publicación, distribución, etc. Bilbao :
Nombre del editor, distribuidor, etc. [s.n.],
Fecha de publicación, distribución, etc. 1888 (
Fabricante Tipografía de C. Lucena y Copañía)
300 ## - DESCRIPCIÓN FÍSICA
Extensión 42 p. ;
Dimensiones 22 cm.
650 #4 - PUNTO DE ACCESO ADICIONAL DE MATERIA--TÉRMINO DE MATERIA
Término de materia o nombre geográfico como elemento de entrada Minas.
9 (RLIN) 136498
852 ## - LOCALIZACIÓN
Ubicación ES-MaACL
Número de control de estantería T-902-F-1
Nota libre -- Enc. hol. conservando la cub. original
-- -- Legado de Federico de Botella y de Hornos
-- -- Enc. en un vol. facticio
Encuadernación -- Edic.: 42 p., [6] h. pleg. -- Firma el texto Donato Madariaga
Holdings
Estatus retirado Estado de pérdida Estado de daño No para préstamo Colección Biblioteca de origen Biblioteca actual Ubicación en estantería Fecha de adquisición Total de préstamos Signatura topográfica completa Código de barras Visto por última vez Precio de reemplazo Tipo de ítem Koha
        Colección de folletos Biblioteca del Ateneo de Madrid Biblioteca del Ateneo de Madrid Depósito folletos 17/01/2008   T-902-F-1 1160324 23/02/2023 23/02/2023 Folleto